| 000 | 00831nam a2200313Ia 4500 | ||
|---|---|---|---|
| 008 | 160803s9999 xx 000 0 und d | ||
| 020 | _a9780545245418 | ||
| 100 | _aVernon, Ursula | ||
| 245 | _aDragonbreath / | ||
| 245 | _cby Ursula Vernon. | ||
| 260 | _aNew York : | ||
| 260 | _bScholastic Inc. | ||
| 260 | _c2009 | ||
| 300 | _a146 pages : | ||
| 300 | _bmostly color illustrations ; | ||
| 300 | _c20 cm | ||
| 500 | _a"This edition is available for distribution only through the school market" -- page 4 of cover. | ||
| 650 | _aDeep-sea ecology -- | ||
| 650 | _aDragons -- | ||
| 650 | _aMarine animals -- | ||
| 650 | _aSargasso Sea -- | ||
| 650 | _aSchools -- | ||
| 650 | _xFiction. | ||
| 650 | _xFiction. | ||
| 650 | _xFiction. | ||
| 650 | _xFiction. | ||
| 650 | _xFiction. | ||
| 700 | _a700 | ||
| 999 |
_c298702 _d298702 |
||